000 00888cam a2200277 4500
001 18340
003 BD-RjUL
005 20211209000254.0
008 140220r19681912nyuac b 001 0 eng
035 _a(BD-RjUL)18398
040 _aDLC
_cDLC
_dDLC
_dBD-RjUL
_beng
041 _aeng
082 0 0 _a822.33
_bLAS 1968
100 1 _aLang, Andrew,
_d1844-1912.
_919135
245 1 0 _aShakespeare, Bacon, and the great unknown /
_cAndrew Lang
250 _aAMS ed.
260 _aNew York :
_bAMS Press,
_c1968.
300 _axxviii, 314 p. :
_billus., port. ;
_c23 cm.
500 _aReprint of the 1912 ed.
504 _aIncludes bibliographical footnotes and index.
600 1 0 _aShakespeare, William,
_d1564-1616
_xAuthorship
_xBaconian theory.
_956478
600 1 0 _aBacon, Francis,
_d1561-1626
_xAuthorship.
_956479
942 _2ddc
_cBK
999 _c18340
_d18340